| 000 | 00803nam a22002417a 4500 | ||
|---|---|---|---|
| 999 |
_c1599 _d1599 |
||
| 003 | AR-CdUCM | ||
| 008 | 190227b ||||| |||| 00| 0 spa d | ||
| 020 | _a9789602794289 | ||
| 040 |
_aMUNICIPALIDAD PROVINCIAL DEL CUSCO _cBIBLIOTECA MUNICIPAL DEL CUSCO |
||
| 041 | _hgre | ||
| 082 |
_a869.964 / _bG69 |
||
| 100 |
_aGonzález Lasiziotaki, Delia. _95994 |
||
| 245 |
_aDesde las altas montañas : _bpoesía / |
||
| 260 |
_aAtenas : _b Dorikos, _c2009. |
||
| 300 |
_a183 páginas ; _c20 cm. |
||
| 500 | _aTexto en español con traducción al griego en páginas opuestas. Título paralelo en griego. | ||
| 650 |
_aPoesía Griega _95995 |
||
| 650 |
_aTraducciones _95996 |
||
| 650 |
_aPoesía siglo XX _91708 |
||
| 700 |
_aYanuli, Cristini (traductora) _95997 |
||
| 942 |
_2ddc _cLIBROS |
||
| 945 | _azta | ||